000
00309nam a22001337a 4500
008
170620b xxu||||| |||| 00| 0 eng d
020
_a
2900787969584
041
_a
eng
080
_a
321
100
_a
20
101
_a
SHP
245
_a
VULNERABLE POPULATIONS IN THE UNITED STATES
_c
SHI, L
942
_2
udc
_c
BK
999
_c
18278
_d
18278